Statistiques concernant Puzzle de nom de pays divisé

Cliquez ici pour prendre le quiz!

Statistiques générales

  • Ce quiz a été pris 777 fois
  • Le résultat moyen est 15 sur 20

Statistiques - réponses

Country Name% Correct
AFGHANISTANAfghanistan
99%
PARAGUAYParaguay
95%
VENEZUELAVenezuela
94%
AZERBAIDJANAzerbaïdjan
92%
NICARAGUANicaragua
89%
THAILANDEThaïlande
89%
SRILANKASri Lanka
80%
DJIBOUTIDjibouti
76%
TANZANIETanzanie
76%
CROATIECroatie
75%
DANEMARKDanemark
75%
BARBADEBarbade
73%
NOUVELLEZELANDENouvelle-Zélande
69%
BELGIQUEBelgique
66%
CAMBODGECambodge
66%
MONTENEGROMonténégro
65%
ROUMANIERoumanie
63%
OUGANDAOuganda
61%
LESOTHOLesotho
55%
MACEDOINEMacédoine
49%

Distribution des résultats

Percentile par nombre de réponses

% des personnes avec chaque résultat

Votre développement - résultats

Vous n’avez pas pris ce quiz